• 首页
  • 本馆介绍
  • 公告通知
  • 最新文献
  • 馆藏检索
  • 电子资源
  • 读者导购
  • 参考咨询
  • 我的图书馆
  • 登录
  • 详细信息显示
  • 放入我的书架
  • 预约/预借图书
  • 作者相关作品
  • 分类相关作品
  • 丛书相关作品
  • 出版社相关作品

书目信息

  • 表格格式
  • 工作单格式
  • 卡片格式
题名:
战国策[下册]
    
 
作者: 刘向西汉
分册:  
出版信息: 上海   上海古籍出版社  29403
页数: 页
开本: 20cm
丛书名:
单 册:
中图分类: K236.2
科图分类:
主题词: 中国--古代史--封建社会
电子资源:
ISBN: 7-80009-932-6
000 00525nam0 2200181 450
001 0728815141
005 20070819080015.14
010    @a7-80009-932-6@d¥33.00
100    @a20070819d km y0chiy0120 ea
101 0  @achi
200 1  @a战国策[下册]@Azhan guo ce[xia ce]@f刘向[西汉]@Fliu xiang[xi han]
210    @a上海@c上海古籍出版社@d29403
215    @a页@d20cm
606 0  @a中国@x古代史@x封建社会
690    @aK236.2@v3
701  0 @a刘向西汉@Aliu xiang xi han
801  0 @aCN@bPFT@c20070819
905    @a213230@dK236.2@eZW38:3@f1
    
    战国策[下册]/刘向[西汉].-上海:上海古籍出版社,29403
    页;20cm
    
    
    ISBN 7-80009-932-6:¥33.00
    
●
相关链接 在E读中查询图书 在五车中查询图书 在当当中查询图书 在豆瓣中查询图书


正题名:战国策[下册]     索取号:K236.2/ZW38:3         预约/预借

序号 登录号 条形码 馆藏地/架位号 状态 备注
1 7601781   276017819   密集书库-文学院/ [索取号:K236.2/ZW38:3] 在馆    
唐山师范学院图书馆 欢迎您!
大连网信软件有限公司© 版权所有